000 00437nam a2200157Ia 4500
008 210210b1994 xxu||||| |||| 00| 0 eng d
020 _a81 85392 20 X
082 _a820.9 READ
100 _aREADINGS IN LITERARY CRITICISM
245 _aCritics on D H Lawrence.
260 _aN D
_bUniversal Book Stall
_c1994
300 _a126
650 _aD H Lawrence Readings Literature Criticism
690 _aEnglish Literature
906 _a048492
999 _c97688
_d97688